000
00298 a2200133 4500
001
65306
010
_a
G-6248
082
_a
158.1 COV
090
_c
38332
_d
38332
100
_a
stephen R Covey
245
_a
First things first
260
_a
London
_b
Simon and Schuster
500
_a
PAF Book Club
942
_a
NUST-CAE
_k
158.1 COV
999
_c
300379
_d
300379